000 00934nam a22002417a 4500
005 20090527113814.0
008 080806t xxu||||| |||| 00| 0 eng d
010 _aENG-93757
020 _c360.00
035 _aEN-77290
037 _bDBAD / PUB
040 _aDPL
_bEnglish
082 _a658.3
100 _aRao, P. Subba
245 _aInternational human resource management /
_cby P. Subba Rao
260 _aNew Delhi
_bHimalaya Publishing House
_c2009
270 _aPooja Apartments, 4-B, Murari Lal Street, Ansari Road, Daryaganj,
_bNew Delhi
_e110002
300 _a504p.
_c30cm(pbk)
500 _aIncludes index
650 _aInternational business enterprises
_xPersonnel management
942 _2ddc
_cEN
_h658.3
_mRAO
999 _c26850
_d26850